[Event "Hessen-chB"]
[Site "Frankfurt"]
[Date "2018.05.13"]
[Round "7"]
[White "Masoudi, Kian"]
[Black "Mohr, Justus"]
[Result "0-1"]
[WhiteElo "1584"]
[BlackElo "1641"]
[PlyCount "56"]
[EventDate "2018.05.10"]
[EventType "swiss"]
[EventRounds "7"]
[EventCountry "GER"]
[SourceTitle "EXT 2019"]
[Source "ChessBase"]
[SourceDate "2018.10.10"]
[SourceVersion "1"]
[SourceVersionDate "2018.10.10"]
[SourceQuality "1"]

1. e4 e5 2. Nf3 Bc5 3. Nc3 Nc6 4. Bb5 d6 5. h3 Bd7 6. 0-0 Nge7 7. d3 0-0 8. Bg5 f6 9. Be3 Bb6 10. Bxb6 axb6 11. Qd2 Be6 12. d4 exd4 13. Nxd4 Nxd4 14. Qxd4 f5 15. Rae1 c6 16. Bd3 f4 17. f3 c5 18. Qf2 Nc6 19. a3 Ne5 20. Rd1 Rf6 21. Ne2 Qe7 22. Qh4 Ng6 23. Qf2 Ne5 24. Qh4 h6 25. Nxf4 g5 26. Qg3 Rxf4 27. Qh2 Nxd3 28. Rxd3 Bc4 0-1

[Event "Hessen-chB"]
[Site "Frankfurt"]
[Date "2018.05.12"]
[Round "6"]
[White "Mohr, Justus"]
[Black "Gruber, Reiner"]
[Result "0-1"]
[WhiteElo "1641"]
[BlackElo "1644"]
[PlyCount "72"]
[EventDate "2018.05.10"]
[EventType "swiss"]
[EventRounds "7"]
[EventCountry "GER"]
[SourceTitle "EXT 2019"]
[Source "ChessBase"]
[SourceDate "2018.10.10"]
[SourceVersion "1"]
[SourceVersionDate "2018.10.10"]
[SourceQuality "1"]

1. e4 e5 2. Nf3 Nf6 3. Nc3 Nc6 4. d4 exd4 5. Nxd4 Bb4 6. Nf5 0-0 7. Qd3 d5 8. exd5 Bxf5 9. Qxf5 Qxd5 10. Qxd5 Nxd5 11. Bd2 Bxc3 12. bxc3 Rfe8+ 13. Kd1 Rad8 14. Bd3 Ne5 15. Re1 Nxd3 16. Rxe8+ Rxe8 17. cxd3 f5 18. Rb1 b6 19. c4 Nf6 20. Bg5 Ng4 21. f3 Ne3+ 22. Bxe3 Rxe3 23. Kd2 f4 24. Rb5 c5 25. Rb1 Re6 26. Re1 Rxe1 27. Kxe1 Kf7 28. g3 Kf6 29. Kd2 Ke5 30. Kc3 h5 31. Kd2 g5 32. Ke2 Kd4 33. gxf4 gxf4 34. Kd2 h4 35. h3 a6 36. a3 b5 0-1